Edible Led Zeppelin Song Titles - Statistics

General Stats
  • This quiz has been taken 447 times
    440 since last reset
  • The average score is 3 of 6
Answer Stats
Hint Answer % Correct
The Lemon Song
80%
Tangerine
68%
Custard Pie
55%
Hot Dog
50%
Candy Store Rock
32%
Tea For One
28%
No matching quizzes found
Score Distribution
Percent of People with Each Score
Percentile by Number Answered
Your Score History
You have not taken this quiz since the last reset